<?xml version="1.0" encoding="UTF-8"?>
<marc:record xmlns:marc="http://www.loc.gov/MARC21/slim">
   <marc:leader>00000nam a2200000 a 4500</marc:leader>
   <marc:datafield ind1="1" ind2=" " tag="100">
      <marc:subfield code="a">O'Connell, Clare</marc:subfield>
      <marc:subfield code="4">aut</marc:subfield>
      <marc:subfield code="e">Verfasser/-in</marc:subfield>
   </marc:datafield>
   <marc:datafield ind1="1" ind2=" " tag="100">
      <marc:subfield code="a">O'Connell, Clare</marc:subfield>
   </marc:datafield>
   <marc:datafield ind1=" " ind2=" " tag="653">
      <marc:subfield code="a">Cake pop</marc:subfield>
   </marc:datafield>
   <marc:datafield ind1=" " ind2=" " tag="653">
      <marc:subfield code="a">Kochbuch</marc:subfield>
   </marc:datafield>
   <marc:datafield ind1="0" ind2="0" tag="245">
      <marc:subfield code="a">Cakepops</marc:subfield>
   </marc:datafield>
   <marc:datafield ind1="0" ind2="0" tag="245">
      <marc:subfield code="b">25 witzige Rezepte für originelle Kuchen am Stiel</marc:subfield>
   </marc:datafield>
   <marc:datafield ind1="0" ind2="0" tag="245">
      <marc:subfield code="c">Clare O'Connell. [Übers. aus dem Engl. von Franziska Weyer</marc:subfield>
   </marc:datafield>
   <marc:datafield ind1=" " ind2="1" tag="264">
      <marc:subfield code="a">Weil der Stadt</marc:subfield>
      <marc:subfield code="b">Hädecke</marc:subfield>
      <marc:subfield code="c">2011</marc:subfield>
   </marc:datafield>
   <marc:datafield ind1="1" ind2=" " tag="520">
      <marc:subfield code="a">Angaben aus der Verlagsmeldung

CakePops : 25 witzige Rezepte für originelle Kuchen am Stiel / von Clare O'Connell

Genial einfach, süß und leicht verrückt, – Sti(e)lblüten, an denen Kleine und Große Spaß haben und die als süße Highlights auf jedes Fingerfood-Büffet passen.

Wer Kuchen und Schokolade mag, liebt auch die neuen Minikuchen am Stiel. Was man dazu braucht? Nur die wenigen Zutaten für einen Biskuitteig, Kakaobutter, Kuvertüre oder Fondant, Lolli-Stäbe und Förmchen, dazu Lust an witzigen Formen und neuen Kreationen.
</marc:subfield>
   </marc:datafield>
   <marc:datafield ind1=" " ind2=" " tag="020">
      <marc:subfield code="a">9783775005975</marc:subfield>
      <marc:subfield code="9">9783775005975</marc:subfield>
   </marc:datafield>
   <marc:datafield ind1=" " ind2=" " tag="020">
      <marc:subfield code="a">3775005978</marc:subfield>
      <marc:subfield code="9">3775005978</marc:subfield>
   </marc:datafield>
   <marc:datafield ind1=" " ind2=" " tag="041">
      <marc:subfield code="a">ger</marc:subfield>
   </marc:datafield>
   <marc:datafield ind1=" " ind2=" " tag="300">
      <marc:subfield code="a">63 S.</marc:subfield>
   </marc:datafield>
</marc:record>
